Historia argentina, tomo 17 : el retorno /

Guardado en:
Autor Principal: Rosa, José María
Otros Autores: Cantoni, Juan Carlos, Chavez, Fermín, Cantoni, Juan C., Sulé, Jorge
Formato: Libro
Publicado: Buenos Aires : Oriente, 1993
Materias:
Etiquetas: Agregar Etiqueta
Sin Etiquetas, Sea el primero en etiquetar este registro!
LEADER 01231nam a22003015a 4500
001 CEM.cems007606
005 20100608103610.0
008 130507s1993##################000#0#####d
003 CEMS
020 |a 9508100257 
082 0 4 |a 982.06 
100 1 |a Rosa, José María 
245 1 0 |a Historia argentina, tomo 17 :  |b el retorno /  |c Fermín Chavez ... [et Al.] 
260 |a Buenos Aires :  |b Oriente,  |c 1993 
300 |a 276 p. 
500 |a Homenaje a José María Rosaapéndice documental 
505 0 |a El regreso de Perón -- Política y violencia -- Fin del exilio -- Cámpora al gobierno -- El general de la patria -- La crisis interna -- Gobierno de Perón -- Perón al poder -- La tercera presidencia -- La despedida del general -- Los huerfanos de Perón -- Isabel presidente -- Entre el ERP y la Triple A -- Hacia la proceso -- 
653 |a Historia argentina 
653 |a Cámpora-presidencia 
653 |a Ezeiza-1973 
653 |a Historia argentina 1945-1976 
653 |a Montoneros 
653 |a Perón-presidencia 
700 1 |a Cantoni, Juan Carlos 
700 1 |a Chavez, Fermín 
700 1 |a Cantoni, Juan C. 
700 1 |a Sulé, Jorge 
859 |a CEMS  |b BIB. CEMS - 11 de abril  |h 982.06  |i R71  |p 17745.94  |t Ej.1  |v 17  |3 17